Word studies: (Record no. 293)

000 -LEADER
fixed length control field 00620nam a2200181 a 4500
001 - CONTROL NUMBER
control field :::00013446$&:&@@
003 - CONTROL NUMBER IDENTIFIER
control field OkBaRHE
005 - DATE AND TIME OF LATEST TRANSACTION
control field 20100323200933.0
008 - FIXED-LENGTH DATA ELEMENTS--GENERAL INFORMATION
fixed length control field s1976 j 000 0 eng u
040 ## - CATALOGING SOURCE
Transcribing agency
100 1# - MAIN ENTRY--PERSONAL NAME
Personal name Wuest, Kenneth S.
245 10 - TITLE STATEMENT
Title Word studies:
Remainder of title treasures from the Greek New Testament.
260 ## - PUBLICATION, DISTRIBUTION, ETC. (IMPRINT)
Place of publication, distribution, etc Grand Rapids, MI., :
Name of publisher, distributor, etc Wm. B. Eerdmans Publishing Co.
Date of publication, distribution, etc 1976
300 ## - PHYSICAL DESCRIPTION
Extent 131 p. ;
Dimensions 21 cm.
650 ## - SUBJECT ADDED ENTRY--TOPICAL TERM
Topical term or geographic name as entry element Greek Language
General subdivision Biblical
-- New Testament
-- Dictionaries
942 ## - ADDED ENTRY ELEMENTS (KOHA)
Source of classification or shelving scheme
Koha item type Books
Copies
Shelving location Not for loan Barcode Permanent Location Collection code Date acquired Withdrawn status Copy number Lost status Full call number Damaged status Price effective from Date last seen Koha item type Source of classification or shelving scheme
General Stacks 13446RHEMA Bible Training CollegeReference2010-04-14 1 BS 2333.2 .W8 2010-04-142018-03-16Books